000 00730nam a22002417a 4500
999 _c11751
_d11751
003 AR-CdUCM
008 190404b ||||| |||| 00| 0 spa d
040 _aMUNICIPALIDAD PROVINCIAL DEL CUSCO
_cBIBLIOTECA MUNICIPAL DEL CUSCO
082 _23ed.
_aES / 869.56 /
_bC95
100 _aPebe, Fernando
_929261
245 _aCuentos de Huaralin /
260 _aLima :
_bCedili,
_c2004.
300 _a41 paginas ;
_bilustraciones, graficos, dibujos,
_c20 cm.
500 _aColeccion Aventura
650 _aCuentos
_9217
650 _aHistorias
_92725
650 _aLiteratura
_983
650 _aPerĂº
_935
700 _aPebe, Fernando
_929261
700 _aBeck, Giselle
_929262
942 _2ddc
_cLIBROS
945 _apjha
_d2019-04-04